Distorted imagination : (Record no. 32455)
[ view plain ]
| 000 -LEADER | |
|---|---|
| fixed length control field | 01080cam a2200325 a 4500 |
| 001 - CONTROL NUMBER | |
| control field | 32455 |
| 003 - CONTROL NUMBER IDENTIFIER | |
| rucl marc code | BD-RjUL |
| 005 - DATE AND TIME OF LATEST TRANSACTION | |
| control field | 20211209051834.0 |
| 008 - FIXED-LENGTH DATA ELEMENTS--GENERAL INFORMATION | |
| fixed length control field | 140426s1990 enk b 001 0 eng |
| 020 ## - INTERNATIONAL STANDARD BOOK NUMBER | |
| International Standard Book Number | 185640000X |
| International Standard Book Number | 9679692612 (Malaysia) |
| 035 ## - SYSTEM CONTROL NUMBER | |
| System control number | (BD-RjUL)32544 |
| 040 ## - CATALOGING SOURCE | |
| Original cataloging agency | DLC |
| Transcribing agency | DLC |
| Modifying agency | DLC |
| Language of cataloging | eng |
| 041 ## - LANGUAGE CODE | |
| Language code of text/sound track or separate title | eng |
| 082 00 - DEWEY DECIMAL CLASSIFICATION NUMBER | |
| Classification number | 823.914 |
| Edition number | 20 |
| Author mark and year | SAD 1990 |
| 100 1# - MAIN ENTRY--PERSONAL NAME | |
| Personal name | Sardar, Ziauddin. |
| 9 (RLIN) | 98744 |
| 245 10 - TITLE STATEMENT | |
| Title | Distorted imagination : |
| Remainder of title | lessons from the Rushdie affair / |
| Statement of responsibility, etc. | Ziauddin Sardar & Merryl Wyn Davies. |
| 260 ## - PUBLICATION, DISTRIBUTION, ETC. (IMPRINT) | |
| Place of publication, distribution, etc. | London ; |
| Name of publisher, distributor, etc. | Grey Seal ; |
| Place of publication, distribution, etc. | Kuala Lumpur : |
| Name of publisher, distributor, etc. | Berita, |
| Date of publication, distribution, etc. | c1990. |
| 300 ## - PHYSICAL DESCRIPTION | |
| Pagination | viii, 303 p. ; |
| Size | 25 cm. |
| 504 ## - BIBLIOGRAPHY, ETC. NOTE | |
| Bibliography, etc | Includes bibliographical references (p. 280-292) and index. |
| 600 10 - SUBJECT ADDED ENTRY--PERSONAL NAME | |
| Personal name | Rushdie, Salman. |
| 650 #0 - SUBJECT ADDED ENTRY--TOPICAL TERM | |
| Topical term or geographic name as entry element | East and West in literature. |
| 9 (RLIN) | 98746 |
| Topical term or geographic name as entry element | Freedom os speech |
| General subdivision | Religious aspects |
| -- | Islam. |
| 9 (RLIN) | 98747 |
| Topical term or geographic name as entry element | Islam and literature. |
| 9 (RLIN) | 98748 |
| Topical term or geographic name as entry element | Secularism. |
| 9 (RLIN) | 98749 |
| 700 1# - ADDED ENTRY--PERSONAL NAME | |
| Personal name | Davies, Merryl Wyn. |
| 942 ## - ADDED ENTRY ELEMENTS (KOHA) | |
| Source of classification or shelving scheme | Dewey Decimal Classification |
| Koha item type | Books |
| Lost status | Source of classification or shelving scheme | Damaged status | Not for loan | Collection code | Permanent Location | Current Location | Shelving location | Date acquired | Source of acquisition | Cost, normal purchase price | Total Checkouts | Full call number | Date last seen | Copy number | Koha item type |
|---|---|---|---|---|---|---|---|---|---|---|---|---|---|---|---|
| Dewey Decimal Classification | Not For Loan | Non-fiction | Central Library, University of Rajshahi | Central Library, University of Rajshahi | Reading Room | 03/05/1992 | UNESCO | 30.00 | 823.914 SAD 1990 | 26/04/2014 | C-1 | Books |